000 00686cab a2200217 4500
001 WB3409-18
008 090401t1998 xxu||||| |||| 00| 0 eng d
035 _a(Sirsi) u84700
041 _aeng
245 _aMortgage lenders may drop surveys
260 _c1998
350 _a0
490 _aIndependent
_v5 March 1998, 3(2)
520 _aVarious mortgage lenders are considering dropping the requirement of valuation surveys in preference for a credit-rating system.
650 _aRICS HOMEBUYER SURVEY AND VALUATION
650 _aMORTGAGE LENDERS
650 _aMORTGAGE VALUATIONS
690 _aPROPERTY-PROPERTY FINANCE AND INVESTMENT
942 _n0
948 _c05/03/1998
999 _c53262
_d53262